000 01024nabaa22001937a 4500
999 _c6287
_d6287
003 OSt
005 20260129002213.0
008 190701b xxu||||| |||| 00| 0 spa d
040 _cPJ
100 _96878
_aGarda, Juan B.
245 1 3 _aLa juridicidad como principio fundamental y la nueva configuración de las vías de hecho administrativas en la Ley de Bases /
_cJuan B. Garda.
300 _ap. 58-79
500 _aCita: TR LALEY AR/DOC/444/2025
505 _aSumario: I. Introducción.— II. Origen y tratamiento doctrinario clásico.— III. Nuestro concepto actualizado y sus requisitos integrativos.— IV. La nueva configuración formulada por la Ley de Bases.— V. Perspectiva analítica final. Un balance plausible.
505 _t¿Te interesa el texto completo? Comunicate al correo: koha@justierradelfuego.gov.ar
650 0 _9211
_aDERECHO ADMINISTRATIVO
773 0 _02842
_93251
_dBuenos Aires : AbeledoPerrot, 2012-
_oDA121
_tDerecho administrativo. Nº 158 marzo/abril 2025
_z18510590
942 _2udc
_cANA